[Event "Hessen-ch C"]
[Site "Frankfurt/Main"]
[Date "2019.05.31"]
[Round "4"]
[White "Oezyar, Arin"]
[Black "Klenk, Dieter"]
[Result "1-0"]
[WhiteElo "1167"]
[BlackElo "1166"]
[PlyCount "79"]
[EventDate "2019.05.30"]
[EventType "swiss"]
[EventRounds "7"]
[EventCountry "GER"]

1. e4 c5 2. Nf3 d6 3. d4 cxd4 4. Nxd4 Nf6 5. Nc3 Nc6 6. Be3 Bd7 7. Qd2 e5 8.
Ndb5 a6 9. Nxd6+ Bxd6 10. Qxd6 Qe7 11. O-O-O O-O 12. Bg5 Qe6 13. Bxf6 gxf6 14.
Qxd7 f5 15. Qxe6 fxe6 16. Rd7 Na5 17. b4 Rac8 18. bxa5 Rxc3 19. Rxb7 Rfc8 20.
Bxa6 Rxc2+ 21. Kb1 R2c6 22. Bb5 Rc5 23. exf5 exf5 24. Rd1 R5c7 25. a6 Rxb7 26.
axb7 Rb8 27. Ba6 Kg7 28. Rc1 Kg6 29. Rc8 Rxb7+ 30. Bxb7 f4 31. a4 Kf5 32. Re8
h5 33. a5 h4 34. a6 Kg4 35. Rg8+ Kf5 36. a7 e4 37. a8=Q e3 38. Be4+ Ke5 39. Rf8
e2 40. Qd5# 1-0

[Event "Hessen-ch C"]
[Site "Frankfurt/Main"]
[Date "2019.05.31"]
[Round "4"]
[White "Rettenmayr, Stefan"]
[Black "Hofmann, Maximilian"]
[Result "0-1"]
[WhiteElo "1261"]
[BlackElo "1103"]
[PlyCount "60"]
[EventDate "2019.05.30"]
[EventType "swiss"]
[EventRounds "7"]
[EventCountry "GER"]

1. c4 Nf6 2. g3 e6 3. Bg2 d5 4. Nf3 dxc4 5. Na3 Bxa3 6. bxa3 e5 7. Qc2 Nc6 8.
Bb2 e4 9. Ng5 Nd4 10. Qxc4 Ne6 11. Nxe4 Nxe4 12. Qxe4 O-O 13. Qc2 Re8 14. Qc3
f6 15. O-O c5 16. e3 Rb8 17. d4 cxd4 18. exd4 b5 19. Rfe1 Bb7 20. d5 Rc8 21.
Qb3 Nc5 22. Qxb5 Rxe1+ 23. Rxe1 Ba6 24. Qb4 Nd3 25. Qa4 Nxe1 26. Qxa6 Nxg2 27.
Kxg2 Qxd5+ 28. Kg1 Rc2 29. Qa4 Qd1+ 30. Kg2 Rxf2+ 0-1

[Event "Hessen-ch C"]
[Site "Frankfurt/Main"]
[Date "2019.05.31"]
[Round "4"]
[White "Vick, Edward"]
[Black "Lochmann, Tobias"]
[Result "1-0"]
[WhiteElo "1167"]
[BlackElo "1175"]
[PlyCount "33"]
[EventDate "2019.05.30"]
[EventType "swiss"]
[EventRounds "7"]
[EventCountry "GER"]

1. c4 c5 2. Nc3 Nc6 3. g3 g6 4. Bg2 Ne5 5. Nf3 Nxc4 6. b3 Nb6 7. Bb2 Bg7 8. O-O
Nf6 9. d4 O-O 10. dxc5 Nbd5 11. Nxd5 Nxd5 12. Bxg7 Kxg7 13. Qxd5 e6 14. Qd4+
Kg8 15. Ne5 Qc7 16. Ng4 Qd8 17. Nh6# 1-0

[Event "Hessen-ch C"]
[Site "Frankfurt/Main"]
[Date "2019.05.31"]
[Round "4"]
[White "Wiencken, Marcus"]
[Black "Mees, Andreas"]
[Result "0-1"]
[WhiteElo "1296"]
[BlackElo "1193"]
[PlyCount "86"]
[EventDate "2019.05.30"]
[EventType "swiss"]
[EventRounds "7"]
[EventCountry "GER"]

1. e4 d5 2. exd5 Nf6 3. Nf3 Nxd5 4. d4 Nc6 5. c3 e6 6. Bb5 Bd7 7. O-O a6 8. Ba4
Be7 9. Be3 O-O 10. Bc2 Nxe3 11. fxe3 f5 12. Qd3 Qe8 13. e4 Qg6 14. d5 exd5 15.
exd5 Bc5+ 16. Kh1 Ne7 17. Ne5 Qd6 18. Nxd7 Qxd7 19. c4 Rf6 20. Nd2 Raf8 21. Nf3
Bd6 22. Ng5 Rh6 23. g3 c6 24. Ne6 Rff6 25. Ba4 b5 26. c5 Bxg3 27. Qxg3 Qxd5+
28. Rf3 Qxe6 29. Bb3 Nd5 30. Re1 Qd7 31. Rfe3 Rhg6 32. Qb8+ Rf8 33. Re8 Rgf6
34. R1e7 Rxe8 35. Rxe8+ Kf7 36. Rf8+ Ke7 37. Rc8 Re6 38. Qa8 Re1+ 39. Kg2 Nf4+
40. Kf2 Qd2+ 41. Kf3 Rf1+ 42. Kg3 Qg2+ 43. Kh4 g5# 0-1

[Event "Hessen-ch C"]
[Site "Frankfurt/Main"]
[Date "2019.06.01"]
[Round "5"]
[White "Elpelt, Silvia"]
[Black "Hofmann, Maximilian"]
[Result "1/2-1/2"]
[WhiteElo "1413"]
[BlackElo "1103"]
[PlyCount "113"]
[EventDate "2019.05.30"]
[EventType "swiss"]
[EventRounds "7"]
[EventCountry "GER"]

1. e4 c5 2. Nf3 d6 3. h3 Nc6 4. Nc3 Nf6 5. Bb5 a6 6. Bxc6+ bxc6 7. d3 e5 8. Bg5
Be7 9. O-O h6 10. Bh4 O-O 11. Bg3 Rb8 12. b3 Nh7 13. Nh2 f5 14. f4 Bf6 15. fxe5
dxe5 16. exf5 Qd4+ 17. Kh1 Qxc3 18. Rb1 Qa5 19. a4 Ng5 20. Ng4 Qc7 21. Qe2 Qe7
22. Rbe1 Bb7 23. Bxe5 Bxe5 24. Qxe5 Qxe5 25. Rxe5 c4 26. dxc4 Rbe8 27. Rxe8
Rxe8 28. f6 Re2 29. f7+ Nxf7 30. Rf2 Re1+ 31. Kh2 h5 32. Nf6+ gxf6 33. Rxf6 Kg7
34. Rf2 c5 35. Kg3 Ng5 36. Rf5 Kg6 37. Rf8 Re3+ 38. Kf4 Re1 39. Rg8+ Kf6 40.
Rf8+ Nf7 41. g4 Re4+ 42. Kg3 hxg4 43. hxg4 Kg7 44. Rb8 Nd6 45. Rd8 Re3+ 46. Kf4
Re4+ 47. Kg3 Nf7 48. Rd7 Rxg4+ 49. Kf2 Be4 50. c3 Bc2 51. Rb7 Rg6 52. a5 Kh6
53. Rxf7 Bxb3 54. Rc7 Rg5 55. Rc6+ Kh5 56. Rxa6 Bxc4 57. Rc6 1/2-1/2

[Event "Hessen-ch C"]
[Site "Frankfurt/Main"]
[Date "2019.06.01"]
[Round "5"]
[White "Klein, Simon"]
[Black "Junkers, Guenter"]
[Result "1-0"]
[WhiteElo "1369"]
[BlackElo "1241"]
[PlyCount "61"]
[EventDate "2019.05.30"]
[EventType "swiss"]
[EventRounds "7"]
[EventCountry "GER"]

1. d4 d5 2. Bf4 Nc6 3. e3 e5 4. dxe5 d4 5. exd4 Bb4+ 6. c3 Ba5 7. d5 Nce7 8.
Qa4+ c6 9. d6 Nd5 10. Bg3 Nh6 11. Nf3 Nf5 12. Bd3 O-O 13. Nd4 Nxg3 14. hxg3 Bd7
15. Bxh7+ Kh8 16. Qc2 g6 17. Bxg6+ Kg7 18. Rh7+ Kg8 19. Nd2 Qg5 20. Be4 Qxe5
21. O-O-O f5 22. N2f3 Qxe4 23. Rxd7 Rf7 24. Rxf7 Kxf7 25. Ng5+ Kg6 26. Nxe4 Rf8
27. Nc5 Rd8 28. Qxf5+ Kg7 29. Qg5+ Kf8 30. Nde6+ Ke8 31. Qg8# 1-0

[Event "Hessen-ch C"]
[Site "Frankfurt/Main"]
[Date "2019.06.01"]
[Round "5"]
[White "Klenk, Dieter"]
[Black "Drebes, Eric"]
[Result "0-1"]
[WhiteElo "1166"]
[BlackElo "1086"]
[PlyCount "108"]
[EventDate "2019.05.30"]
[EventType "swiss"]
[EventRounds "7"]
[EventCountry "GER"]

1. d4 d5 2. c4 e6 3. Nc3 Nf6 4. a3 Be7 5. e3 O-O 6. Nf3 c5 7. Bd3 Nc6 8. O-O b6
9. Bd2 Bb7 10. Qe2 Qd7 11. Bc2 Rfd8 12. Qd3 Ba6 13. b3 g6 14. e4 dxc4 15. bxc4
Nxd4 16. Rad1 Nxc2 17. Qxc2 Bxc4 18. Rfe1 Bd3 19. Qc1 c4 20. Bh6 Ne8 21. Ne5
Qd6 22. Nxc4 Qc5 23. Nb2 Ba6 24. Nba4 Qh5 25. e5 g5 26. Bxg5 Qxg5 27. Qxg5+
Bxg5 28. Ne4 Be7 29. Ra1 Rd7 30. h3 Rad8 31. Nac3 Bb7 32. a4 Bb4 33. Rac1 Bxe4
34. Rxe4 Bxc3 35. Rxc3 Rd4 36. Rg3+ Kf8 37. Ree3 Rd1+ 38. Kh2 Ra1 39. Rg4 Rdd1
40. Kg3 Rac1 41. Kh4 Ng7 42. Kg5 Ke7 43. Rf4 Rg1 44. g4 Rc8 45. Kh6 Ne8 46.
Ref3 f5 47. exf6+ Kf7 48. Kxh7 Nd6 49. h4 Rg8 50. g5 Rc1 51. Rg4 Rc7 52. Rfg3
Kf8+ 53. Kh6 Nf5+ 54. Kh5 Rh7# 0-1

[Event "Hessen-ch C"]
[Site "Frankfurt/Main"]
[Date "2019.06.01"]
[Round "5"]
[White "Kosak, Karolina"]
[Black "Peschk, Kathrin"]
[Result "1/2-1/2"]
[WhiteElo "1139"]
[BlackElo "1399"]
[PlyCount "54"]
[EventDate "2019.05.30"]
[EventType "swiss"]
[EventRounds "7"]
[EventCountry "GER"]

1. e4 e5 2. Nf3 Nc6 3. d4 exd4 4. Bc4 Be7 5. c3 dxc3 6. Qd5 Nh6 7. Bxh6 O-O 8.
Bxg7 Kxg7 9. Nxc3 d6 10. Qh5 Bf6 11. O-O Qe8 12. Rfe1 Ne5 13. Nxe5 Qxe5 14. Qf3
Be6 15. Bxe6 fxe6 16. Qh3 Rae8 17. Rac1 Bg5 18. Rc2 Rf7 19. g3 Bh6 20. Qg2 Kf8
21. Rf1 Ke7 22. Nd1 Kd8 23. f4 Qb5 24. Ne3 Bg7 25. b3 Bd4 26. Qd2 Bxe3+ 27.
Qxe3 Qb6 1/2-1/2

[Event "Hessen-ch C"]
[Site "Frankfurt/Main"]
[Date "2019.06.01"]
[Round "5"]
[White "Lochmann, Tobias"]
[Black "Wiencken, Marcus"]
[Result "1-0"]
[WhiteElo "1175"]
[BlackElo "1296"]
[PlyCount "45"]
[EventDate "2019.05.30"]
[EventType "swiss"]
[EventRounds "7"]
[EventCountry "GER"]

1. c4 e5 2. e4 Nf6 3. Nc3 c5 4. Nf3 d6 5. g3 Nc6 6. Bg2 Bg4 7. O-O Be7 8. d3 h5
9. Qa4 Bxf3 10. Bxf3 h4 11. Nd5 Qd7 12. Bg5 hxg3 13. fxg3 Qh3 14. Qc2 Nd4 15.
Qd2 Nxf3+ 16. Rxf3 Bd8 17. Rf2 Ng4 18. Qc2 Nxf2 19. Qxf2 Bxg5 20. Nc7+ Kd7 21.
Nxa8 Qh6 22. Qxf7+ Kc6 23. Qc7# 1-0

[Event "Hessen-ch C"]
[Site "Frankfurt/Main"]
[Date "2019.06.01"]
[Round "5"]
[White "Mees, Andreas"]
[Black "Rettenmayr, Stefan"]
[Result "1-0"]
[WhiteElo "1193"]
[BlackElo "1261"]
[PlyCount "69"]
[EventDate "2019.05.30"]
[EventType "swiss"]
[EventRounds "7"]
[EventCountry "GER"]

1. e4 c5 2. Nf3 g6 3. Bc4 Bg7 4. Nc3 Nc6 5. d3 Nf6 6. Bg5 O-O 7. O-O d6 8. Qe2
Bg4 9. Rae1 Nd4 10. Qd1 Bxf3 11. gxf3 a6 12. a3 b5 13. Bd5 Nxd5 14. Nxd5 Re8
15. c3 Nc6 16. f4 Rb8 17. f5 Qd7 18. Qd2 f6 19. Bh6 Ne5 20. f3 e6 21. fxe6 Rxe6
22. Re2 g5 23. Bxg7 Qxg7 24. Rg2 Kh8 25. f4 Nf7 26. f5 Ree8 27. Nf4 Qh6 28. Ne6
Rxe6 29. fxe6 Nd8 30. e7 Nc6 31. Qf2 Kg7 32. h4 Qg6 33. hxg5 fxg5 34. Qf8+ Rxf8
35. exf8=Q# 1-0

[Event "Hessen-ch C"]
[Site "Frankfurt/Main"]
[Date "2019.06.01"]
[Round "5"]
[White "Oezyar, Arin"]
[Black "Bernath, Markus"]
[Result "0-1"]
[WhiteElo "1167"]
[BlackElo "1561"]
[PlyCount "82"]
[EventDate "2019.05.30"]
[EventType "swiss"]
[EventRounds "7"]
[EventCountry "GER"]

1. e4 e5 2. Nf3 Nc6 3. Bc4 Nf6 4. d3 d5 5. exd5 Nxd5 6. O-O Bg4 7. h3 Bh5 8.
Re1 Be7 9. Bd2 Nf6 10. Bc3 e4 11. dxe4 Qxd1 12. Rxd1 Nxe4 13. Bxg7 Rg8 14. Bd3
Bxf3 15. Bxe4 Bxd1 16. Bc3 O-O-O 17. f3 Be2 18. Nd2 Rg5 19. Re1 Bc5+ 20. Kh2
Bb5 21. Bf6 Rxg2+ 22. Kxg2 Rxd2+ 23. Kh1 Nd4 24. c3 Ne2 25. Bh4 Bd7 26. f4 Nxf4
27. Rf1 Nxh3 28. Rxf7 Nf2+ 29. Bxf2 Rxf2 30. Rxh7 c6 31. Rh5 Bb6 32. Rh2 Rf4
33. Bd3 Rg4 34. Rh8+ Kc7 35. Rh7 Kd6 36. Rh6+ Ke5 37. Rh5+ Kf4 38. Rh7 Be6 39.
b3 Bd5+ 40. Kh2 Bg1+ 41. Kh3 Bg2# 0-1

[Event "Hessen-ch C"]
[Site "Frankfurt/Main"]
[Date "2019.06.01"]
[Round "5"]
[White "Urbach, Jens"]
[Black "Buchholz, Jan"]
[Result "1-0"]
[WhiteElo "1509"]
[BlackElo "1259"]
[PlyCount "163"]
[EventDate "2019.05.30"]
[EventType "swiss"]
[EventRounds "7"]
[EventCountry "GER"]

1. e4 c5 2. Nf3 Nc6 3. d4 cxd4 4. Nxd4 g6 5. Be2 Bg7 6. c3 Nf6 7. Bf3 d5 8.
exd5 Nxd5 9. Nxc6 bxc6 10. O-O Bb7 11. Qa4 O-O 12. Rd1 Qc7 13. Bxd5 cxd5 14.
Bf4 e5 15. Bg3 Rfe8 16. Na3 a6 17. Nc2 Qc5 18. Ne3 Rad8 19. Qb3 Ba8 20. h3 Qc6
21. Bh4 Rd7 22. Rac1 d4 23. cxd4 Qe4 24. Bg3 exd4 25. f3 Qb7 26. Qxb7 Bxb7 27.
Nc4 f5 28. Re1 Rde7 29. Rxe7 Rxe7 30. Nd6 h6 31. Nxb7 Rxb7 32. b3 Rd7 33. Rd1
Kf7 34. Rd3 Ke6 35. Kf2 Kd5 36. Bh2 Rd8 37. g4 fxg4 38. hxg4 Rc8 39. Rd2 Bf8
40. Bg3 Bc5 41. Kg2 Bb4 42. Re2 d3 43. Re5+ Kd4 44. Re4+ Kc3 45. Be1+ d2 46.
Bxd2+ Kxd2 47. Rxb4 Rc6 48. Re4 Kc3 49. Kf2 Kb2 50. Ra4 Re6 51. f4 h5 52. gxh5
gxh5 53. Kg3 Rh6 54. Kh4 Kc3 55. f5 Kd3 56. Kg5 Rh8 57. Rxa6 h4 58. Rd6+ Ke4
59. Rd2 h3 60. Rh2 Rg8+ 61. Kf6 Rf8+ 62. Ke7 Rxf5 63. Rxh3 Re5+ 64. Kd6 Ra5 65.
Rh2 Kd4 66. b4 Rb5 67. Rh4+ Kc3 68. a3 Kb3 69. Kc6 Ka4 70. Rh8 Rg5 71. Ra8+ Kb3
72. b5 Rg6+ 73. Kd7 Kc4 74. a4 Kd5 75. Re8 Rg7+ 76. Kc8 Ra7 77. b6 Rxa4 78. Re7
Kd6 79. Rc7 Ra8+ 80. Kb7 Ra3 81. Kb8 Ra6 82. b7 1-0

[Event "Hessen-ch C"]
[Site "Frankfurt/Main"]
[Date "2019.06.01"]
[Round "6"]
[White "Bernath, Markus"]
[Black "Peschk, Kathrin"]
[Result "1-0"]
[WhiteElo "1561"]
[BlackElo "1399"]
[PlyCount "37"]
[EventDate "2019.05.30"]
[EventType "swiss"]
[EventRounds "7"]
[EventCountry "GER"]

1. e4 e5 2. Nf3 Nc6 3. Bc4 Bc5 4. b4 Bxb4 5. c3 Be7 6. d4 exd4 7. Qb3 dxc3 8.
Bxf7+ Kf8 9. Nxc3 d6 10. h3 Nf6 11. Ng5 Nd4 12. Qa4 c5 13. Bc4 a6 14. Nf7 Qc7
15. Nxh8 Bd7 16. Qd1 b5 17. Nd5 Qb7 18. Nxf6 Bxf6 19. Bd5 1-0

[Event "Hessen-ch C"]
[Site "Frankfurt/Main"]
[Date "2019.06.01"]
[Round "6"]
[White "Buchholz, Jan"]
[Black "Schmitt, Leon Raphael"]
[Result "1-0"]
[WhiteElo "1259"]
[BlackElo "1044"]
[PlyCount "67"]
[EventDate "2019.05.30"]
[EventType "swiss"]
[EventRounds "7"]
[EventCountry "GER"]

1. c4 c5 2. g3 d6 3. Bg2 Nc6 4. e3 e6 5. Ne2 Nge7 6. b3 b6 7. Bb2 Bb7 8. O-O d5
9. cxd5 Nxd5 10. d4 Be7 11. dxc5 Bxc5 12. Bxg7 Rg8 13. Bb2 Qg5 14. Nd4 O-O-O
15. Qc2 e5 16. Nxc6 Bxc6 17. Qxh7 f6 18. Qxa7 Rg7 19. Qa6+ Bb7 20. Qc4 Rgd7 21.
Re1 Kb8 22. Qe2 Ka7 23. Ba3 Ba6 24. Qf3 Nb4 25. Bxb4 Bxb4 26. Rc1 Bb7 27. Qe2
e4 28. Bf1 f5 29. a3 Qg7 30. Ra2 Bd6 31. Rd2 Rc8 32. Rcd1 Rc6 33. b4 Qe5 34.
Qb5 1-0

[Event "Hessen-ch C"]
[Site "Frankfurt/Main"]
[Date "2019.06.01"]
[Round "6"]
[White "Drebes, Eric"]
[Black "Droeser, Wolfgang"]
[Result "1-0"]
[WhiteElo "1086"]
[BlackElo "1414"]
[PlyCount "43"]
[EventDate "2019.05.30"]
[EventType "swiss"]
[EventRounds "7"]
[EventCountry "GER"]

1. e4 d6 2. d4 g6 3. Nf3 Bg7 4. c4 c6 5. Nc3 Qc7 6. Be2 Nd7 7. O-O e5 8. Be3 h6
9. Qd2 Ne7 10. h3 Nf8 11. Rad1 Bd7 12. Nh2 h5 13. f4 O-O-O 14. b4 Kb8 15. a3
Nh7 16. d5 Bc8 17. fxe5 f5 18. exd6 Rxd6 19. Bf4 c5 20. Bxd6 Qxd6 21. Nb5 Qb6
22. Qf4+ 1-0

[Event "Hessen-ch C"]
[Site "Frankfurt/Main"]
[Date "2019.06.01"]
[Round "6"]
[White "Hofmann, Maximilian"]
[Black "Urbach, Jens"]
[Result "0-1"]
[WhiteElo "1103"]
[BlackElo "1509"]
[PlyCount "130"]
[EventDate "2019.05.30"]
[EventType "swiss"]
[EventRounds "7"]
[EventCountry "GER"]

1. d4 d5 2. e4 dxe4 3. Nc3 Nf6 4. f3 exf3 5. Nxf3 Bg4 6. Be3 e6 7. h3 Bxf3 8.
Qxf3 c6 9. O-O-O Bb4 10. Ne4 Nbd7 11. a3 Be7 12. Bd3 Nxe4 13. Bxe4 Bg5 14. Rhf1
Bxe3+ 15. Qxe3 Nf6 16. Qf3 O-O 17. Bd3 Qd5 18. Qe3 h6 19. b3 Qd8 20. g4 Qe7 21.
g5 Nd5 22. Qf3 Qxg5+ 23. Kb2 Qf6 24. Qe4 Qg6 25. Qe5 Qg5 26. Qe4 Qg6 27. Qe5 f5
28. Rg1 Qf6 29. Rde1 Qxe5 30. Rxe5 Nf4 31. Bc4 Rae8 32. Rge1 Rf6 33. h4 b5 34.
Bf1 Ng6 35. Rc5 Nxh4 36. Rxc6 Nf3 37. Rd1 Rb8 38. Ra6 Rb7 39. Bg2 Rb6 40. Rxa7
Nh4 41. Bh1 f4 42. d5 Rd6 43. Ra8+ Kf7 44. dxe6+ Rfxe6 45. Ra7+ Kf6 46. Rg1 g5
47. Rg4 Re1 48. a4 Kf5 49. Rxh4 gxh4 50. Bf3 bxa4 51. Ra5+ Re5 52. Rxa4 Kg5 53.
c4 Rd2+ 54. Kc3 Rf2 55. Bd5 f3 56. Kd4 Re1 57. Bxf3 Rxf3 58. Ra5+ Kg4 59. Ra8
Rxb3 60. Rg8+ Kh5 61. c5 h3 62. c6 h2 63. c7 h1=Q 64. c8=Q Qe4+ 65. Kc5 Rc3+
0-1

[Event "Hessen-ch C"]
[Site "Frankfurt/Main"]
[Date "2019.06.01"]
[Round "6"]
[White "Mees, Andreas"]
[Black "Spiegel, Nina"]
[Result "1-0"]
[WhiteElo "1193"]
[BlackElo "1571"]
[PlyCount "131"]
[EventDate "2019.05.30"]
[EventType "swiss"]
[EventRounds "7"]
[EventCountry "GER"]

1. e4 e5 2. Nf3 Nc6 3. Bc4 Bc5 4. Nc3 Nf6 5. d3 d6 6. O-O a6 7. a3 Ba7 8. Ne2
Bg4 9. Ng5 O-O 10. Kh1 Nd4 11. f3 Nxe2 12. Qxe2 Bd7 13. Be3 Bxe3 14. Qxe3 h6
15. Nh3 c6 16. Nf2 Re8 17. Rae1 Be6 18. Bxe6 Rxe6 19. c4 d5 20. Rd1 d4 21. Qd2
Nh7 22. f4 exf4 23. Qxf4 Rf6 24. Qd2 Qe7 25. Ng4 Rg6 26. h3 h5 27. Nh2 Rd8 28.
Rf5 Rg5 29. Rdf1 Rxf5 30. Rxf5 g6 31. Rf1 Kg7 32. Nf3 f6 33. Qf2 c5 34. Qg3 Rg8
35. e5 Kh8 36. Qh4 Ng5 37. Nxg5 fxg5 38. Qe4 Kh7 39. Qf3 Rg7 40. Qg3 h4 41. Qe1
Qe8 42. e6 Re7 43. Rf6 Kg7 44. Qe5 Kg8 45. Qe4 Kg7 46. Qe5 Kg8 47. g4 b6 48.
Qd6 Kg7 49. Qe5 Kg8 50. b3 b5 51. Qxc5 Kg7 52. Qxd4 Qc6+ 53. Kg1 Kg8 54. Rxg6+
Kh7 55. Rxg5 Qxe6 56. Rh5+ Kg8 57. Qh8+ Kf7 58. Rf5+ Kg6 59. Qh5+ Kg7 60. Rg5+
Kf8 61. Qh8+ Kf7 62. Qg8+ Kf6 63. Rf5+ Qxf5 64. gxf5 Rg7+ 65. Qxg7+ Kxg7 66. c5
1-0

[Event "Hessen-ch C"]
[Site "Frankfurt/Main"]
[Date "2019.06.01"]
[Round "6"]
[White "Rettenmayr, Stefan"]
[Black "Kosak, Karolina"]
[Result "1-0"]
[WhiteElo "1261"]
[BlackElo "1139"]
[PlyCount "63"]
[EventDate "2019.05.30"]
[EventType "swiss"]
[EventRounds "7"]
[EventCountry "GER"]

1. c4 e6 2. g3 Nf6 3. Bg2 d5 4. Nf3 Be7 5. O-O O-O 6. d4 Nbd7 7. Qc2 c5 8. cxd5
exd5 9. Nc3 b6 10. Bg5 Bb7 11. Rfd1 h6 12. Bf4 Rc8 13. Qd2 Kh7 14. Ne5 c4 15.
Rac1 Qe8 16. Re1 Bd8 17. Nb5 Qe7 18. Nxc4 Ba6 19. Bd6 Qe8 20. Bxf8 Qxf8 21.
Nca3 Be7 22. Rxc8 Bxc8 23. Rc1 a6 24. Qc2+ g6 25. Qxc8 Qxc8 26. Rxc8 axb5 27.
Nxb5 Bb4 28. Nc3 g5 29. Nxd5 Nxd5 30. Bxd5 Kg6 31. Rc7 Nf6 32. Bxf7+ 1-0

[Event "Hessen-ch C"]
[Site "Frankfurt/Main"]
[Date "2019.06.01"]
[Round "6"]
[White "Wiencken, Marcus"]
[Black "Klenk, Dieter"]
[Result "0-1"]
[WhiteElo "1296"]
[BlackElo "1166"]
[PlyCount "74"]
[EventDate "2019.05.30"]
[EventType "swiss"]
[EventRounds "7"]
[EventCountry "GER"]

1. e4 c5 2. c4 d6 3. Nf3 Nc6 4. Nc3 g6 5. Bd3 Bg7 6. O-O Nf6 7. Bc2 O-O 8. Nd5
Nxd5 9. cxd5 Ne5 10. Ne1 Bg4 11. f3 Bd7 12. Bb3 b5 13. a3 c4 14. Ba2 Qb6+ 15.
Kh1 Rac8 16. Rb1 a5 17. d4 Nd3 18. Nxd3 Qxd4 19. Nf4 Qe5 20. b3 c3 21. Rf2 b4
22. axb4 axb4 23. Nd3 Qd4 24. Qc2 Bb5 25. Nf4 Bf6 26. Nh3 Bh4 27. g3 Bd3 28.
Qd1 c2 29. Rxc2 Rxc2 30. Bb2 Rxb2 31. gxh4 Rxb1 32. Bxb1 Rc8 33. Bxd3 Qb2 34.
Bc4 Ra8 35. Kg1 Ra2 36. Kf1 Qxh2 37. Ng1 Qf2# 0-1

[Event "Hessen-ch C"]
[Site "Frankfurt/Main"]
[Date "2019.06.02"]
[Round "7"]
[White "Bernath, Markus"]
[Black "Buchholz, Jan"]
[Result "0-1"]
[WhiteElo "1561"]
[BlackElo "1259"]
[PlyCount "150"]
[EventDate "2019.05.30"]
[EventType "swiss"]
[EventRounds "7"]
[EventCountry "GER"]

1. e4 c5 2. Nc3 g6 3. Nf3 Bg7 4. d4 cxd4 5. Nxd4 Nc6 6. Nde2 Nf6 7. Qd3 O-O 8.
Be3 d6 9. Nd4 d5 10. Nxc6 bxc6 11. exd5 cxd5 12. O-O-O e6 13. g3 a6 14. Bg2 Bb7
15. Bf4 Qd7 16. h4 h5 17. Ne4 Qc6 18. Nxf6+ Bxf6 19. Rhe1 Qb6 20. Be5 Bxe5 21.
Rxe5 Qxf2 22. Rd2 Qg1+ 23. Bf1 Rac8 24. Rg2 Qc5 25. g4 Qc4 26. Qxc4 dxc4 27.
Rg3 hxg4 28. Rxg4 Bd5 29. h5 Kg7 30. c3 Rc6 31. Reg5 Kh7 32. hxg6+ fxg6 33. Bg2
Bxg2 34. Rxg2 Rf6 35. Kd2 Rd6+ 36. Ke3 Rd5 37. R5g4 Rc5 38. Rh2+ Kg7 39. Rhh4
Rb5 40. Rg2 Rc5 41. Rgh2 Rff5 42. Rh7+ Kf6 43. Kd2 Ra5 44. a3 Rh5 45. R2xh5
gxh5 46. Rc7 Ra4 47. Rc5 e5 48. Ke3 Kf5 49. Kf3 h4 50. Kg2 Kf4 51. Kf2 h3 52.
Kg1 e4 53. Rh5 Kg3 54. Rg5+ Kf3 55. Rf5+ Ke3 56. Rh5 Kd2 57. Rxh3 e3 58. Rh8 e2
59. Rd8+ Kc2 60. Re8 Kxb2 61. Rxe2+ Kxc3 62. Re3+ Kb2 63. Re2+ Kxa3 64. Re3+
Kb4 65. Re4 Kb3 66. Re8 c3 67. Rb8+ Rb4 68. Re8 a5 69. Re3 a4 70. Kf2 Kb2 71.
Re2+ c2 72. Ke3 Kb1 73. Re1+ c1=Q+ 74. Kd3 Rb3+ 75. Ke2 Re3+ 0-1

[Event "Hessen-ch C"]
[Site "Frankfurt/Main"]
[Date "2019.06.02"]
[Round "7"]
[White "Hofmann, Maximilian"]
[Black "Mees, Andreas"]
[Result "1-0"]
[WhiteElo "1103"]
[BlackElo "1193"]
[PlyCount "63"]
[EventDate "2019.05.30"]
[EventType "swiss"]
[EventRounds "7"]
[EventCountry "GER"]

1. d4 Nf6 2. Nc3 e6 3. e4 c5 4. e5 Nd5 5. Nxd5 exd5 6. Nf3 c4 7. b3 b5 8. bxc4
bxc4 9. c3 Be7 10. Be2 O-O 11. O-O d6 12. Ba3 dxe5 13. Bxe7 Qxe7 14. dxe5 Bf5
15. Re1 Nc6 16. Qxd5 Rac8 17. Bxc4 Be6 18. Qe4 Bxc4 19. Qxc4 Nxe5 20. Rxe5 Qa3
21. Qb3 Qd6 22. Rd1 Qf6 23. Rde1 h6 24. h3 Rb8 25. Qa4 a6 26. c4 Rbc8 27. c5
Kh8 28. Re8 Kg8 29. Rxc8 Rxc8 30. Re8+ Rxe8 31. Qxe8+ Kh7 32. c6 1-0

[Event "Hessen-ch C"]
[Site "Frankfurt/Main"]
[Date "2019.06.02"]
[Round "7"]
[White "Klenk, Dieter"]
[Black "Junkers, Guenter"]
[Result "0-1"]
[WhiteElo "1166"]
[BlackElo "1241"]
[PlyCount "102"]
[EventDate "2019.05.30"]
[EventType "swiss"]
[EventRounds "7"]
[EventCountry "GER"]

1. d4 d5 2. c4 dxc4 3. Nc3 c5 4. e3 Nf6 5. Bxc4 Be6 6. Bb5+ Nc6 7. Nf3 Nd5 8.
Ne4 Nc7 9. Bd3 cxd4 10. O-O a6 11. Neg5 Nb4 12. exd4 Bd5 13. a3 Na2 14. Bd2 Ne6
15. Nxh7 Qb6 16. Qa4+ Bc6 17. Qc4 Qxb2 18. Qxa2 Qxa2 19. Rxa2 Bxf3 20. gxf3
Nxd4 21. Be4 Rd8 22. Rc1 Ne2+ 23. Kf1 Nxc1 24. Rc2 Nb3 25. Be3 Rd1+ 26. Ke2 Rd8
27. Bxb7 Rxh7 28. Rc7 f6 29. Bxa6 Nd4+ 30. Kf1 Nxf3 31. Bb5+ Kf7 32. Bc4+ Ke8
33. Bb5+ Kf7 34. Bc4+ Kg6 35. Ke2 Ne5 36. Bb3 Ng4 37. Bc1 Rd6 38. Bc2+ f5 39.
Rc8 Rh8 40. Kf3 Rd4 41. a4 Rd5 42. Bb3 Rd3+ 43. Ke2 Rxb3 44. a5 Rb7 45. Ra8 Rb4
46. Bd2 Ra4 47. a6 Kf7 48. Kd3 Nxf2+ 49. Kc2 Rxh2 50. Kb3 Ra1 51. Bf4 Rhh1 0-1

[Event "Hessen-ch C"]
[Site "Frankfurt/Main"]
[Date "2019.06.02"]
[Round "7"]
[White "Oezyar, Arin"]
[Black "Drebes, Eric"]
[Result "0-1"]
[WhiteElo "1167"]
[BlackElo "1086"]
[PlyCount "50"]
[EventDate "2019.05.30"]
[EventType "swiss"]
[EventRounds "7"]
[EventCountry "GER"]

1. e4 d5 2. exd5 Qxd5 3. Nc3 Qa5 4. Nf3 Bg4 5. h3 Bh5 6. Be2 Nc6 7. d3 O-O-O 8.
Ng5 f6 9. Bg4+ Kb8 10. Ne6 Bxg4 11. Qxg4 Qe5+ 12. Ne2 f5 13. Bf4 Qxe6 14. Qg3
Rd7 15. a4 Nd4 16. Be3 Nxc2+ 17. Kd2 Nxa1 18. Rxa1 Qb3 19. Bd4 Rxd4 20. Nxd4
Qxb2+ 21. Nc2 Nf6 22. Qf4 g6 23. g4 Bg7 24. gxf5 h5 25. fxg6 Bh6 0-1

[Event "Hessen-ch C"]
[Site "Frankfurt/Main"]
[Date "2019.06.02"]
[Round "7"]
[White "Peschk, Kathrin"]
[Black "Droeser, Wolfgang"]
[Result "1/2-1/2"]
[WhiteElo "1399"]
[BlackElo "1414"]
[PlyCount "78"]
[EventDate "2019.05.30"]
[EventType "swiss"]
[EventRounds "7"]
[EventCountry "GER"]

1. e4 d6 2. d4 g6 3. f4 e6 4. Nf3 h6 5. Bc4 d5 6. exd5 exd5 7. Bd3 Bg7 8. O-O
Ne7 9. Be3 Nbc6 10. Ne5 Nxe5 11. fxe5 Be6 12. Nd2 Qd7 13. Nb3 b6 14. c3 O-O 15.
Qd2 Kh7 16. Bc2 f5 17. exf6 Bxf6 18. Bxh6 Bg7 19. Bxg7 Kxg7 20. Rf2 Rh8 21. Qg5
Bf5 22. Bxf5 Nxf5 23. Re1 Raf8 24. Rfe2 Rf7 25. Nc1 Rh5 26. Qd2 Nh4 27. Qc2 Nf5
28. Nd3 Rf8 29. Ne5 Qd6 30. Qd2 Ne7 31. g4 Rh7 32. Qg5 Rf6 33. Nd3 Ng8 34. Qe5
Rh4 35. Qxd6 Rxg4+ 36. Rg2 Rxg2+ 37. Kxg2 Rxd6 38. Ne5 Re6 39. Rf1 Nf6 1/2-1/2

[Event "Hessen-ch C"]
[Site "Frankfurt/Main"]
[Date "2019.06.02"]
[Round "7"]
[White "Schmitt, Leon Raphael"]
[Black "Vick, Edward"]
[Result "1-0"]
[WhiteElo "1044"]
[BlackElo "1167"]
[PlyCount "67"]
[EventDate "2019.05.30"]
[EventType "swiss"]
[EventRounds "7"]
[EventCountry "GER"]

1. e4 e5 2. Nf3 Nc6 3. Nc3 Nf6 4. Bc4 Bc5 5. O-O d6 6. h3 O-O 7. d3 Re8 8. Bg5
Be6 9. Bxe6 Rxe6 10. Nd5 Ne7 11. b4 Bb6 12. Bxf6 gxf6 13. Nxb6 axb6 14. Nh4 Ng6
15. Nf5 Qf8 16. h4 Kh8 17. Qd2 Ne7 18. Nxe7 Rxe7 19. a4 Qg7 20. a5 bxa5 21.
Rxa5 Rg8 22. g3 Ree8 23. Rfa1 b6 24. Ra7 c5 25. bxc5 bxc5 26. Rd7 Qf8 27. Ra6
Rd8 28. Raxd6 Rc8 29. Rxf6 Qe8 30. Rfxf7 Rg7 31. Rxg7 Rd8 32. Rxh7+ Kg8 33.
Qg5+ Kf8 34. Rh8# 1-0